[Event "Davos op 9th"]
[Site "Davos"]
[Date "2011.08.09"]
[Round "3"]
[White "Frank, Albert"]
[Black "Gass, Ulrich"]
[Result "0-1"]
[WhiteElo "1920"]
[BlackElo "2129"]
[PlyCount "96"]
[EventDate "2011.08.07"]
[EventType "swiss"]
[EventRounds "7"]
[EventCountry "SUI"]
[SourceTitle "CBM 144 Extra"]
[Source "ChessBase"]
[SourceDate "2011.10.28"]
[SourceVersion "1"]
[SourceVersionDate "2011.10.28"]
[SourceQuality "1"]

1. e4 d6 2. Bc4 Nf6 3. Nc3 g6 4. Nf3 Bg7 5. 0-0 0-0 6. Re1 Bg4 7. d4 Nc6 8. d5 Ne5 9. Be2 Nxf3+ 10. gxf3 Bh3 11. a4 c6 12. Ra3 cxd5 13. Nxd5 Nxd5 14. Qxd5 e6 15. Qg5 Qxg5+ 16. Bxg5 f5 17. Be7 Rf7 18. Bxd6 Bxb2 19. Rb3 Bd4 20. Rd1 Bb6 21. f4 Bg4 22. Bxg4 fxg4 23. Rg3 Rc8 24. c3 Rc4 25. a5 Bxa5 26. Rd4 Rxc3 27. Rxg4 Rc2 28. Rd3 Bb6 29. Rf3 Rd7 30. e5 Kf7 31. h4 Rd8 32. Rg2 Rdc8 33. h5 R8c3 34. hxg6+ hxg6 35. Rxc3 Rxc3 36. Rh2 g5 37. fxg5 Rg3+ 38. Rg2 Rxg2+ 39. Kxg2 Bd4 40. f4 a5 41. Kf3 Kg6 42. Ke4 Bb2 43. f5+ exf5+ 44. Kd5 Bxe5 45. Bxe5 Kxg5 46. Kc5 f4 47. Kb5 b6 48. Kxb6 f3 0-1

[Event "EU-ch Seniors 11th"]
[Site "Courmayeur"]
[Date "2011.04.14"]
[Round "9"]
[White "Frank, Albert"]
[Black "Gonzalo Gonzalez, Francisco"]
[Result "1-0"]
[WhiteElo "1909"]
[BlackElo "1740"]
[PlyCount "55"]
[EventDate "2011.04.06"]
[EventType "swiss"]
[EventRounds "9"]
[EventCountry "ITA"]
[SourceTitle "CBM 141 Extra"]
[Source "ChessBase"]
[SourceDate "2011.05.03"]
[SourceVersion "1"]
[SourceVersionDate "2011.05.03"]
[SourceQuality "1"]

1. e4 c5 2. Nf3 Nc6 3. Bb5 d6 4. 0-0 Bd7 5. Re1 Nf6 6. c3 Qb6 7. Na3 a6 8. Bxc6 Bxc6 9. e5 dxe5 10. Nc4 Qc7 11. Ncxe5 Bd5 12. d4 cxd4 13. cxd4 h6 14. Bf4 g5 15. Nxf7 Qxf4 16. Nxh8 Be4 17. Qc1 Qg4 18. Rxe4 Qxe4 19. Qb1 Qe2 20. Qg6+ Kd7 21. Rc1 Rc8 22. Re1 Qxb2 23. Ne5+ Kc7 24. Qf7 Qxd4 25. Nhg6 Qd2 26. Nf3 Qd8 27. Nxf8 Qxf8 28. Rxe7+ 1-0

[Event "EU-ch Seniors 11th"]
[Site "Courmayeur"]
[Date "2011.04.11"]
[Round "6"]
[White "Squarci, Franco"]
[Black "Frank, Albert"]
[Result "1/2-1/2"]
[WhiteElo "1777"]
[BlackElo "1909"]
[PlyCount "113"]
[EventDate "2011.04.06"]
[EventType "swiss"]
[EventRounds "9"]
[EventCountry "ITA"]
[SourceTitle "CBM 141 Extra"]
[Source "ChessBase"]
[SourceDate "2011.05.03"]
[SourceVersion "1"]
[SourceVersionDate "2011.05.03"]
[SourceQuality "1"]

1. Nf3 c5 2. e4 a6 3. Be2 Nc6 4. c3 d5 5. exd5 Qxd5 6. d3 Nf6 7. h3 g6 8. Be3 Bg7 9. Nbd2 0-0 10. Nc4 Nd7 11. 0-0 b5 12. Ncd2 h6 13. Ne4 f5 14. c4 bxc4 15. Nc3 Bxc3 16. bxc3 f4 17. Bc1 cxd3 18. Bxd3 Nce5 19. Be2 Qxd1 20. Rxd1 Bb7 21. Ba3 Bxf3 22. gxf3 Rf6 23. Rd5 Rc8 24. Kg2 Rd6 25. Rad1 Rcc6 26. R1d2 a5 27. h4 Rxd5 28. Rxd5 Rd6 29. c4 Rxd5 30. cxd5 Kf7 31. Bb5 Kf6 32. Bb2 Kf5 33. Bc3 Nb6 34. Bxa5 Nxd5 35. a4 c4 36. Bd2 c3 37. Bc1 Nc7 38. Be2 Nc6 39. Bd3+ Ke5 40. Bxg6 Nd4 41. Bd3 Nb3 42. Ba3 e6 43. Kf1 Kd4 44. Ke2 Nc5 45. Bc2 Kc4 46. h5 e5 47. Bxc5 Kxc5 48. Kd3 Nd5 49. Bb3 Nf6 50. Kxc3 Nxh5 51. Be6 Nf6 52. Bf5 h5 53. Be6 e4 54. fxe4 Nxe4+ 55. Kd3 Nxf2+ 56. Ke2 Ne4 57. Bd7 1/2-1/2

[Event "EU-ch Seniors 11th"]
[Site "Courmayeur"]
[Date "2011.04.10"]
[Round "5"]
[White "Frank, Albert"]
[Black "Beltrami, Nerio"]
[Result "1/2-1/2"]
[WhiteElo "1909"]
[BlackElo "1956"]
[PlyCount "122"]
[EventDate "2011.04.06"]
[EventType "swiss"]
[EventRounds "9"]
[EventCountry "ITA"]
[SourceTitle "CBM 141 Extra"]
[Source "ChessBase"]
[SourceDate "2011.05.03"]
[SourceVersion "1"]
[SourceVersionDate "2011.05.03"]
[SourceQuality "1"]

1. e4 d6 2. Nc3 Nf6 3. Nf3 g6 4. Bc4 Bg7 5. 0-0 0-0 6. Re1 e5 7. d4 Nc6 8. dxe5 Nxe5 9. Nxe5 dxe5 10. Qxd8 Rxd8 11. Bg5 c6 12. Rad1 Re8 13. Rd6 Nd7 14. Red1 Nb6 15. Bb3 h6 16. Be3 g5 17. a4 Bg4 18. f3 Be6 19. Bxe6 fxe6 20. Bxb6 axb6 21. Rd7 Bf8 22. Rxb7 Bc5+ 23. Kf1 Bd4 24. Rc7 Rec8 25. Rxc8+ Rxc8 26. Rd3 Ra8 27. Ke2 Kf7 28. b3 Ke8 29. Nd1 Bc5 30. c3 Ke7 31. Nb2 b5 32. h3 Ba3 33. Rd2 Bxb2 34. Rxb2 bxa4 35. Ra2 a3 36. Kd3 Kd6 37. b4 c5 38. b5 Ra4 39. c4 Kc7 40. Kc3 Kb6 41. g3 h5 42. h4 gxh4 43. gxh4 Ka5 44. Kb3 Rb4+ 45. Kxa3 Rxc4 46. Kb3+ Kxb5 47. Rg2 Rb4+ 48. Kc2 Ra4 49. Rg5 Ra3 50. Rxh5 Rxf3 51. Rxe5 Rf4 52. h5 Kc4 53. Rxe6 Kd4 54. h6 Rh4 55. Rc6 Kxe4 56. h7 Rh5 57. Rc7 Kd4 58. Kd2 Rh3 59. Ke2 Kd5 60. Kd2 Ke5 61. Rg7 c4 1/2-1/2

[Event "EU-ch Seniors 11th"]
[Site "Courmayeur"]
[Date "2011.04.09"]
[Round "4"]
[White "Nickl, Klaus"]
[Black "Frank, Albert"]
[Result "1-0"]
[WhiteElo "2140"]
[BlackElo "1909"]
[PlyCount "69"]
[EventDate "2011.04.06"]
[EventType "swiss"]
[EventRounds "9"]
[EventCountry "ITA"]
[SourceTitle "CBM 141 Extra"]
[Source "ChessBase"]
[SourceDate "2011.05.03"]
[SourceVersion "1"]
[SourceVersionDate "2011.05.03"]
[SourceQuality "1"]

1. d4 Nf6 2. Bg5 c5 3. Bxf6 gxf6 4. d5 f5 5. c4 Bg7 6. Nc3 d6 7. Qc2 Qa5 8. e3 Nd7 9. Nf3 Nf6 10. Nd2 Ne4 11. Rc1 Nxd2 12. Qxd2 0-0 13. Bd3 a6 14. 0-0 b5 15. b3 Bxc3 16. Rxc3 bxc4 17. bxc4 Rb8 18. f4 e5 19. e4 f6 20. exf5 Rf7 21. fxe5 dxe5 22. Be4 Rg7 23. Qc2 Bd7 24. Rb3 Rb4 25. Qd2 Qb6 26. Qh6 Rxb3 27. axb3 a5 28. Rf3 Qb4 29. Qc1 Be8 30. d6 Kf8 31. Bd5 Bd7 32. Be6 Bc6 33. Rg3 Rxg3 34. hxg3 Qb7 35. Qh6+ 1-0

[Event "EU-ch Seniors 11th"]
[Site "Courmayeur"]
[Date "2011.04.06"]
[Round "1"]
[White "Frank, Albert"]
[Black "Gruzmann, Boris"]
[Result "1/2-1/2"]
[WhiteElo "1909"]
[BlackElo "2281"]
[PlyCount "83"]
[EventDate "2011.04.06"]
[EventType "swiss"]
[EventRounds "9"]
[EventCountry "ITA"]
[SourceTitle "CBM 141 Extra"]
[Source "ChessBase"]
[SourceDate "2011.05.03"]
[SourceVersion "1"]
[SourceVersionDate "2011.05.03"]
[SourceQuality "1"]

1. e4 c5 2. Nf3 d6 3. Bb5+ Bd7 4. a4 Nc6 5. 0-0 Nf6 6. Re1 e5 7. c3 Be7 8. d4 Qc7 9. Na3 0-0 10. Bxc6 Bxc6 11. d5 Bd7 12. Bg5 a6 13. c4 h6 14. Bxf6 Bxf6 15. Nc2 g6 16. Qd2 Kg7 17. b4 Bd8 18. bxc5 Qxc5 19. Reb1 Rb8 20. Qb4 Qxb4 21. Nxb4 Ba5 22. c5 Bxb4 23. Rxb4 dxc5 24. Rc4 Kf6 25. Rxc5 Rfc8 26. Rxc8 Rxc8 27. h3 Rc4 28. Rb1 Bc8 29. Rb6+ Kg7 30. Nxe5 Rxe4 31. Ng4 Rxa4 32. Nf6 Rd4 33. Ne8+ Kf8 34. Nd6 Bf5 35. Nxb7 Rxd5 36. Rxa6 h5 37. Nd6 Bd3 38. Rb6 h4 39. Nc8 Bf5 40. Rd6 Rc5 41. Rd8+ Kg7 42. Nd6 1/2-1/2

[Event "EU Union-ch 6th"]
[Site "Arvier"]
[Date "2010.09.11"]
[Round "8"]
[White "Cattaneo, Romain"]
[Black "Frank, Albert"]
[Result "1/2-1/2"]
[WhiteElo "1880"]
[BlackElo "1923"]
[PlyCount "42"]
[EventDate "2010.09.04"]
[EventType "swiss"]
[EventRounds "9"]
[EventCountry "ITA"]
[SourceTitle "CBM 138 Extra"]
[Source "ChessBase"]
[SourceDate "2010.10.29"]
[SourceVersion "1"]
[SourceVersionDate "2010.10.29"]
[SourceQuality "1"]

1. e4 c5 2. Nf3 a6 3. c3 d6 4. d4 Nf6 5. Bd3 e6 6. 0-0 Be7 7. Be3 Nc6 8. a4 e5 9. d5 Nb8 10. Nbd2 0-0 11. b4 cxb4 12. cxb4 Ng4 13. Nc4 Nxe3 14. Nxe3 a5 15. bxa5 Nd7 16. Nc4 Nc5 17. Qc2 Bd7 18. Ra3 Bxa4 19. Rxa4 b5 20. Rb4 bxc4 21. Bxc4 Rxa5 1/2-1/2

[Event "EU Union-ch 6th"]
[Site "Arvier"]
[Date "2010.09.07"]
[Round "4"]
[White "Valenti, Giuseppe"]
[Black "Frank, Albert"]
[Result "1-0"]
[WhiteElo "2162"]
[BlackElo "1923"]
[PlyCount "53"]
[EventDate "2010.09.04"]
[EventType "swiss"]
[EventRounds "9"]
[EventCountry "ITA"]
[SourceTitle "CBM 138 Extra"]
[Source "ChessBase"]
[SourceDate "2010.10.29"]
[SourceVersion "1"]
[SourceVersionDate "2010.10.29"]
[SourceQuality "1"]

1. e4 e5 2. Nf3 Nc6 3. Bb5 a6 4. Ba4 Nf6 5. 0-0 Be7 6. Re1 b5 7. Bb3 Bb7 8. d3 0-0 9. c3 d6 10. Nbd2 Na5 11. Bc2 g6 12. d4 Nc6 13. d5 Nb8 14. Nf1 Nh5 15. Bh6 Re8 16. Qd2 Bc8 17. h3 Nd7 18. g4 Ng7 19. Ng3 Nf8 20. Kh2 c5 21. Rg1 Bf6 22. Rg2 Qd7 23. Rag1 Nh5 24. Nxh5 gxh5 25. gxh5+ Ng6 26. Rg3 Kh8 27. hxg6 1-0

[Event "Dieppe op 6th"]
[Site "Dieppe"]
[Date "2010.08.25"]
[Round "5"]
[White "Dgebuadze, Alexandre"]
[Black "Frank, Albert"]
[Result "1-0"]
[WhiteElo "2546"]
[BlackElo "1962"]
[PlyCount "99"]
[EventDate "2010.08.22"]
[EventType "swiss"]
[EventRounds "9"]
[EventCountry "FRA"]
[SourceTitle "CBM 138 Extra"]
[Source "ChessBase"]
[SourceDate "2010.10.29"]
[SourceVersion "1"]
[SourceVersionDate "2010.10.29"]
[SourceQuality "1"]

1. e4 e6 2. d3 b6 3. Nf3 d6 4. g3 Nd7 5. Bg2 Bb7 6. 0-0 g6 7. Bg5 Qc8 8. Nc3 Bg7 9. Qd2 h6 10. Be3 Ne7 11. Rae1 Nf6 12. h3 e5 13. Qc1 g5 14. Bd2 Ng6 15. Nd1 g4 16. hxg4 Nxg4 17. Bh3 h5 18. Ne3 Qd8 19. Nf5 Bf6 20. Bxg4 hxg4 21. Nh2 Ne7 22. Nh6 Ng8 23. f3 Nxh6 24. Bxh6 Bh4 25. Kg2 f5 26. fxg4 f4 27. Bxf4 exf4 28. gxh4 Qxh4 29. Qxf4 0-0-0 30. Re3 d5 31. g5 dxe4 32. Qxh4 Rxh4 33. Kg3 Rdh8 34. Rf8+ Rxf8 35. Kxh4 exd3 36. cxd3 Bd5 37. Ng4 Bxa2 38. g6 a5 39. Kg5 a4 40. Nf6 b5 41. d4 b4 42. d5 Rd8 43. g7 Bxd5 44. Nxd5 Rxd5+ 45. Kf6 Rd8 46. Rh3 Rd6+ 47. Kf5 Rd5+ 48. Kf4 Rd4+ 49. Kf3 Rd3+ 50. Ke2 1-0

[Event "Arvier op"]
[Site "Arvier"]
[Date "2010.07.07"]
[Round "6"]
[White "Cattaneo, Roger"]
[Black "Frank, Albert"]
[Result "1/2-1/2"]
[WhiteElo "1581"]
[BlackElo "1962"]
[PlyCount "34"]
[EventDate "2010.07.03"]
[EventType "swiss"]
[EventRounds "9"]
[EventCountry "ITA"]
[SourceTitle "CBM 137 Extra"]
[Source "ChessBase"]
[SourceDate "2010.09.01"]
[SourceVersion "1"]
[SourceVersionDate "2010.09.01"]
[SourceQuality "1"]

1. e4 c5 2. Nf3 a6 3. c3 d5 4. e5 Nc6 5. d4 Bg4 6. Be2 e6 7. Be3 cxd4 8. cxd4 Nge7 9. Nbd2 Nf5 10. 0-0 Be7 11. h3 Bxf3 12. Nxf3 0-0 13. a3 Rc8 14. b4 f6 15. Qd3 fxe5 16. Nxe5 Nxe5 17. dxe5 Qc7 1/2-1/2

[Event "Arvier op"]
[Site "Arvier"]
[Date "2010.07.03"]
[Round "1"]
[White "Frank, Albert"]
[Black "Arnaudov, Petar G"]
[Result "0-1"]
[WhiteElo "1962"]
[BlackElo "2404"]
[PlyCount "62"]
[EventDate "2010.07.03"]
[EventType "swiss"]
[EventRounds "9"]
[EventCountry "ITA"]
[SourceTitle "CBM 137 Extra"]
[Source "ChessBase"]
[SourceDate "2010.09.01"]
[SourceVersion "1"]
[SourceVersionDate "2010.09.01"]
[SourceQuality "1"]

1. e4 c5 2. Nf3 Nc6 3. Bb5 Nf6 4. Qe2 g6 5. Nc3 Bg7 6. e5 Ng4 7. Bxc6 dxc6 8. h3 Nh6 9. Ne4 b6 10. a4 a5 11. Nf6+ exf6 12. exf6+ Kf8 13. fxg7+ Kxg7 14. Ra3 Ba6 15. c4 Nf5 16. g4 Re8 17. Re3 Nxe3 18. fxe3 Qd6 19. Kf2 Rad8 20. b3 h6 21. Bb2+ Kh7 22. Bc3 Bc8 23. g5 h5 24. Nh4 Re4 25. Qf3 Qe6 26. Ng2 Qf5 27. Nf4 Rde8 28. Rg1 Bd7 29. Rg4 hxg4 30. hxg4 Rxf4 31. exf4 Qxg4 0-1

[Event "Gif sur Yvette op 1st"]
[Site "Gif sur Yvette"]
[Date "2010.02.24"]
[Round "5"]
[White "Frank, Albert"]
[Black "Besancon, Marc"]
[Result "1/2-1/2"]
[WhiteElo "1962"]
[BlackElo "1940"]
[PlyCount "58"]
[EventDate "2010.02.21"]
[EventType "swiss"]
[EventRounds "9"]
[EventCountry "FRA"]
[SourceTitle "EXT 2011"]
[Source "ChessBase"]
[SourceDate "2010.11.26"]
[SourceVersion "1"]
[SourceVersionDate "2010.11.26"]
[SourceQuality "1"]

1. e4 c5 2. Nf3 Nc6 3. Bb5 d6 4. 0-0 Bd7 5. Re1 a6 6. Bf1 e6 7. c3 Be7 8. d4 cxd4 9. cxd4 Nf6 10. d5 Na7 11. Qb3 Qb8 12. Nc3 e5 13. Be3 Nc8 14. h3 0-0 15. Nd2 Bd8 16. f4 exf4 17. Bxf4 Bb6+ 18. Kh1 Bc5 19. Rac1 Nh5 20. Ne2 Nxf4 21. Nxf4 Bd4 22. Nf3 Bf6 23. Nh5 Bd8 24. e5 dxe5 25. Nxe5 Nb6 26. Nxd7 Nxd7 27. Qc3 Nf6 28. Qf3 Nxh5 29. Qxh5 Qd6 1/2-1/2

[Event "Gif sur Yvette op 1st"]
[Site "Gif sur Yvette"]
[Date "2010.02.23"]
[Round "3"]
[White "Frank, Albert"]
[Black "Iasman, Inna"]
[Result "0-1"]
[WhiteElo "1962"]
[BlackElo "1949"]
[PlyCount "64"]
[EventDate "2010.02.21"]
[EventType "swiss"]
[EventRounds "9"]
[EventCountry "FRA"]
[SourceTitle "EXT 2011"]
[Source "ChessBase"]
[SourceDate "2010.11.26"]
[SourceVersion "1"]
[SourceVersionDate "2010.11.26"]
[SourceQuality "1"]

1. e4 c6 2. d4 d5 3. Nc3 dxe4 4. Nxe4 Nd7 5. Bc4 Ngf6 6. Ng5 e6 7. Qe2 Nb6 8. Bb3 h6 9. N5f3 a5 10. a3 a4 11. Ba2 Bd6 12. Bd2 Nbd5 13. Ne5 0-0 14. Ngf3 Qc7 15. c4 Ne7 16. g4 c5 17. g5 hxg5 18. Bxg5 Nh7 19. Bb1 f6 20. Qd3 Nxg5 21. Nxg5 Nf5 22. Ng6 fxg5 23. Nxf8 Kxf8 24. Qh3 Qa5+ 25. Kf1 cxd4 26. Qh8+ Kf7 27. Qh5+ Kf6 28. Rg1 Qd2 29. h4 Qc1+ 30. Kg2 Nxh4+ 31. Kh1 Qf4 32. Bd3 Qh2# 0-1

[Event "Francophone op 1st"]
[Site "Arvier"]
[Date "2009.09.29"]
[Round "4"]
[White "Frank, Albert"]
[Black "De Leeuw, Johannes"]
[Result "1/2-1/2"]
[WhiteElo "1932"]
[BlackElo "1932"]
[PlyCount "101"]
[EventDate "2009.09.27"]
[EventType "swiss"]
[EventRounds "9"]
[EventCountry "ITA"]
[SourceTitle "EXT 1999"]
[Source "ChessBase"]
[SourceDate "1998.11.16"]
[SourceVersion "1"]
[SourceVersionDate "1998.11.16"]
[SourceQuality "1"]

1. e4 e5 2. Nf3 Nc6 3. Nc3 Nf6 4. d4 exd4 5. Nd5 d6 6. Bg5 Be7 7. Nxe7 Qxe7 8. Bd3 0-0 9. 0-0 Bg4 10. h3 Bh5 11. g4 Bg6 12. Re1 h6 13. Bh4 a6 14. e5 dxe5 15. Bxg6 fxg6 16. Nxd4 Nxd4 17. Qxd4 exd4 18. Rxe7 Rf7 19. Rae1 g5 20. Bg3 Rc8 21. Kf1 Kf8 22. Rxf7+ Kxf7 23. Be5 c5 24. Bd6 b5 25. Re7+ Kg6 26. Ra7 c4 27. Rxa6 d3 28. Ke1 Re8+ 29. Kd1 dxc2+ 30. Kxc2 Re2+ 31. Kc1 Rxf2 32. Rb6 Rf3 33. Rxb5 Rxh3 34. a4 Rd3 35. Bc5 Nxg4 36. a5 Ne3 37. Bxe3 Rxe3 38. Kd2 Re8 39. a6 Ra8 40. Rb6+ Kf5 41. Ke3 h5 42. Kf3 Ra7 43. Rb5+ Kg6 44. Rb6+ Kf5 45. Rb5+ Kg6 46. Rb6+ Kf5 47. Rb5+ Kg6 48. Rb6+ Kh7 49. Kg3 Kg8 50. Rb8+ Kh7 51. Rb6 1/2-1/2

[Event "Francophone op 1st"]
[Site "Arvier"]
[Date "2009.09.27"]
[Round "1"]
[White "Frank, Albert"]
[Black "Hebert, Jean"]
[Result "0-1"]
[WhiteElo "1932"]
[BlackElo "2416"]
[PlyCount "52"]
[EventDate "2009.09.27"]
[EventType "swiss"]
[EventRounds "9"]
[EventCountry "ITA"]
[SourceTitle "EXT 1999"]
[Source "ChessBase"]
[SourceDate "1998.11.16"]
[SourceVersion "1"]
[SourceVersionDate "1998.11.16"]
[SourceQuality "1"]

1. Nf3 Nf6 2. c4 e6 3. g3 c5 4. Bg2 Nc6 5. 0-0 a6 6. b3 d6 7. d4 cxd4 8. Nxd4 Bd7 9. Ba3 Be7 10. Nc3 0-0 11. e4 Qa5 12. Nxc6 Bxc6 13. Qc1 Rfd8 14. Re1 Rac8 15. e5 Bxg2 16. exf6 Bxf6 17. b4 Qb6 18. Kxg2 Rxc4 19. Ne4 Rxc1 20. Nxf6+ gxf6 21. Raxc1 e5 22. Re4 Qb5 23. Rg4+ Kf8 24. Rc7 Qd5+ 25. Kh3 Qe6 26. Kh4 h5 0-1

[Event "Rochefort op 8th"]
[Site "Rochefort"]
[Date "2009.02.??"]
[Round "5"]
[White "Frank, Albert"]
[Black "Delorme, Axel"]
[Result "0-1"]
[WhiteElo "1953"]
[BlackElo "2415"]
[PlyCount "48"]
[EventDate "2009.02.??"]
[EventType "swiss"]
[EventRounds "9"]
[EventCountry "FRA"]
[SourceTitle "EXT 2010"]
[Source "ChessBase"]
[SourceDate "2010.11.25"]
[SourceVersion "1"]
[SourceVersionDate "2010.11.25"]
[SourceQuality "1"]

1. b3 e5 2. e3 d6 3. Bb2 g6 4. Ne2 Bg7 5. f4 Bg4 6. Qc1 Nd7 7. fxe5 dxe5 8. Nbc3 Qh4+ 9. g3 Qh5 10. Bg2 Bf3 11. Kf2 Bxg2 12. Kxg2 f5 13. Qf1 0-0-0 14. Rd1 Ngf6 15. h3 Rhf8 16. Qf3 Qh6 17. e4 fxe4 18. Nxe4 Nxe4 19. Qxe4 Nf6 20. Qb4 Qh5 21. g4 Qg5 22. Rhf1 h5 23. d3 hxg4 24. Ng3 Nd5 0-1

[Event "Davos op"]
[Site "Davos"]
[Date "2008.08.13"]
[Round "4"]
[White "Frank, Albert"]
[Black "Steiert, Roland"]
[Result "1-0"]
[WhiteElo "1950"]
[BlackElo "1718"]
[PlyCount "127"]
[EventDate "2008.08.10"]
[EventType "swiss"]
[EventRounds "7"]
[EventCountry "SUI"]
[SourceTitle "CBM 126 Extra"]
[Source "ChessBase"]
[SourceDate "2008.11.05"]
[SourceVersion "1"]
[SourceVersionDate "2008.11.05"]
[SourceQuality "1"]

1. e4 e5 2. Nf3 Nc6 3. Bb5 f5 4. Qe2 fxe4 5. Bxc6 dxc6 6. Qxe4 Bd6 7. d3 Nf6 8. Qh4 0-0 9. Bg5 Bd7 10. Nbd2 h6 11. Bxf6 Qxf6 12. Qxf6 gxf6 13. 0-0 f5 14. Rfe1 Rae8 15. Re2 Re7 16. Rae1 Be8 17. Nxe5 Bh5 18. Nef3 Rg7 19. Re6 Kh7 20. d4 Rfg8 21. g3 Bg4 22. Re8 Bf8 23. Ra8 a6 24. Ree8 Bd6 25. Rxg8 Rxg8 26. Rxg8 Kxg8 27. Kg2 f4 28. Ne4 Be7 29. gxf4 Bf5 30. Nfd2 Kf7 31. Kf3 Be6 32. b3 Bd5 33. Ke3 b6 34. Nf3 c5 35. dxc5 bxc5 36. c4 Be6 37. Ne5+ Kg7 38. Nd3 Bc8 39. Ndxc5 Kg6 40. Nd3 Bb7 41. f3 a5 42. Ne5+ Kf5 43. c5 Bd5 44. Nd3 Bf8 45. b4 a4 46. a3 Bg7 47. b5 Ke6 48. c6 Bb3 49. Nec5+ Kd5 50. Na6 Bd4+ 51. Kd2 Kd6 52. Ne5 Be6 53. Kd3 Bg1 54. h3 Bf5+ 55. Kc3 Be6 56. Nc4+ Ke7 57. Nxc7 Bxh3 58. Nd5+ Ke6 59. Nde3 Bf5 60. Nxf5 Bh2 61. Nxh6 Bxf4 62. Ng4 Kd5 63. Nge5 Bxe5+ 64. Nxe5 1-0

[Event "Reunion op 09th"]
[Site "Reunion"]
[Date "2007.10.19"]
[Round "6"]
[White "Figaro, Dericka"]
[Black "Frank, Albert"]
[Result "0-1"]
[WhiteElo "1600"]
[BlackElo "1957"]
[PlyCount "50"]
[EventDate "2007.10.14"]
[EventType "swiss"]
[EventRounds "9"]
[EventCountry "RUF"]
[SourceTitle "EXT 2012"]
[Source "ChessBase"]
[SourceDate "2011.11.24"]
[SourceVersion "1"]
[SourceVersionDate "2011.11.24"]
[SourceQuality "1"]

1. c4 b6 2. Nf3 Bb7 3. g3 f5 4. Bg2 Nf6 5. Nc3 e6 6. d4 Be7 7. 0-0 0-0 8. Bf4 h6 9. Rc1 d6 10. h4 Nbd7 11. b3 Ne4 12. d5 e5 13. Bd2 a6 14. Nxe4 fxe4 15. Nh2 Nf6 16. Rc2 Bc8 17. f3 exf3 18. Bxf3 Bf5 19. Rb2 Qe8 20. Bg2 Qg6 21. Bc3 Ne4 22. Bxe4 Bxe4 23. Qe1 Bxh4 24. e3 Bxg3 25. Qd1 Bf2# 0-1

[Event "Reunion op 09th"]
[Site "Reunion"]
[Date "2007.10.19"]
[Round "7"]
[White "Frank, Albert"]
[Black "Li Ying, Patrick"]
[Result "0-1"]
[WhiteElo "1957"]
[BlackElo "2169"]
[PlyCount "68"]
[EventDate "2007.10.14"]
[EventType "swiss"]
[EventRounds "9"]
[EventCountry "RUF"]
[SourceTitle "EXT 2012"]
[Source "ChessBase"]
[SourceDate "2011.11.24"]
[SourceVersion "1"]
[SourceVersionDate "2011.11.24"]
[SourceQuality "1"]

1. e4 c5 2. Nf3 d6 3. Bb5+ Bd7 4. Bxd7+ Qxd7 5. 0-0 g6 6. c3 Bg7 7. d4 cxd4 8. cxd4 Nf6 9. Nc3 0-0 10. e5 dxe5 11. dxe5 Qxd1 12. Rxd1 Ng4 13. Bg5 Nc6 14. Rd7 Ngxe5 15. Nxe5 Bxe5 16. Rxb7 f6 17. Be3 Rfb8 18. Rb5 a6 19. Rc5 Nb4 20. Rd1 Rd8 21. f4 Bd6 22. Rc4 Rdc8 23. Rxc8+ Rxc8 24. Nd5 Rc2 25. Nxf6+ Kf7 26. Nxh7 Rxb2 27. Ng5+ Ke8 28. a3 Nc2 29. Bc1 Rb1 30. Rf1 Bc5+ 31. Kh1 Bxa3 32. Nf3 Rxc1 33. Rxc1 Bxc1 34. Ne5 a5 0-1

[Event "Seefeld op 18th"]
[Site "Seefeld"]
[Date "2007.09.07"]
[Round "7"]
[White "Frank, Albert"]
[Black "Schwammberger, Eugen"]
[Result "1/2-1/2"]
[WhiteElo "1971"]
[BlackElo "2066"]
[PlyCount "37"]
[EventDate "2007.09.01"]
[EventType "swiss"]
[EventRounds "9"]
[EventCountry "AUT"]
[SourceTitle "EXT 2009"]
[Source "ChessBase"]
[SourceDate "2008.11.26"]
[SourceVersion "1"]
[SourceVersionDate "2008.11.26"]
[SourceQuality "1"]

1. b3 Nf6 2. Bb2 d5 3. e3 Bf5 4. f4 e6 5. Nf3 Nbd7 6. Nc3 Be7 7. Ne2 h6 8. Ng3 Bh7 9. Ne5 0-0 10. Bd3 Nxe5 11. fxe5 Ne4 12. Nh5 f5 13. Nf4 Qd7 14. Qh5 Bc5 15. Rd1 Qf7 16. Qxf7+ Kxf7 17. 0-0 g6 18. Kh1 Be7 19. Bxe4 1/2-1/2

[Event "EU Union-ch 3rd"]
[Site "Arvier"]
[Date "2007.06.19"]
[Round "5"]
[White "Brancaleoni, Maurizio"]
[Black "Frank, Albert"]
[Result "1-0"]
[WhiteElo "2263"]
[BlackElo "1987"]
[PlyCount "47"]
[EventDate "2007.06.15"]
[EventType "swiss"]
[EventRounds "10"]
[EventCountry "ITA"]
[SourceTitle "CBM 118 Extra"]
[Source "ChessBase"]
[SourceDate "2007.07.04"]
[SourceVersion "1"]
[SourceVersionDate "2007.07.04"]
[SourceQuality "1"]

1. d4 e6 2. c4 b6 3. Nc3 Bb7 4. a3 d6 5. e4 Nd7 6. Bd3 Ne7 7. Nge2 h6 8. Be3 a6 9. 0-0 g6 10. f4 Bg7 11. f5 gxf5 12. exf5 Nxf5 13. Bxf5 exf5 14. Ng3 Rg8 15. Qe2 Kf8 16. Nxf5 Bxd4 17. Nxd4 Rxg2+ 18. Qxg2 Bxg2 19. Ne6+ Kg8 20. Nxd8 Bxf1 21. Rxf1 Rxd8 22. Nd5 Re8 23. Bxh6 Re6 24. Bd2 1-0

[Event "EU Union-ch 3rd"]
[Site "Arvier"]
[Date "2007.06.17"]
[Round "3"]
[White "Ocantos, Manuel"]
[Black "Frank, Albert"]
[Result "1/2-1/2"]
[WhiteElo "2178"]
[BlackElo "1987"]
[PlyCount "115"]
[EventDate "2007.06.15"]
[EventType "swiss"]
[EventRounds "10"]
[EventCountry "ITA"]
[SourceTitle "CBM 118 Extra"]
[Source "ChessBase"]
[SourceDate "2007.07.04"]
[SourceVersion "1"]
[SourceVersionDate "2007.07.04"]
[SourceQuality "1"]

1. d4 e6 2. c4 b6 3. Nc3 Bb7 4. a3 d6 5. e4 Nd7 6. Nf3 h6 7. Bd3 Ne7 8. 0-0 g6 9. Be3 Bg7 10. Qd2 a6 11. b4 c5 12. bxc5 bxc5 13. d5 e5 14. Rab1 Bc8 15. Ne1 Qa5 16. Nc2 f5 17. Qe1 f4 18. Bd2 Qd8 19. Na4 Ng8 20. f3 Ngf6 21. Na1 Nh5 22. Nb3 Bf6 23. g4 fxg3 24. hxg3 Bg5 25. Kg2 Rb8 26. Qe2 Bxd2 27. Qxd2 g5 28. Rh1 Ndf6 29. Na5 Rxb1 30. Bxb1 g4 31. f4 exf4 32. gxf4 Bd7 33. Nc6 Qc7 34. e5 Bxc6 35. exf6 Nxf6 36. Qe3+ Kd8 37. Qe6 Rf8 38. Nxc5 Bxd5+ 39. Qxd5 Qxc5 40. Qxc5 dxc5 41. Rxh6 Ke7 42. Rh1 Rb8 43. Re1+ Kf7 44. Bf5 Rb2+ 45. Kg1 Ra2 46. Re5 Rxa3 47. Rxc5 Ra2 48. Rc7+ Ke8 49. c5 Nd5 50. Rc8+ Ke7 51. Bxg4 Nxf4 52. Kf1 a5 53. c6 Kd6 54. c7 Ra1+ 55. Kf2 Nd3+ 56. Ke3 Nc5 57. Kd2 Na6 58. Kc2 1/2-1/2